旧国名が真ん中、後ろにつく駅名 - Statistics

General Stats
  • This quiz has been taken 53 times
  • The average score is 10 of 33
Answer Stats
頭文字 都府県 駅名 % Correct
「き」 山口県 北河内
49%
「き」 徳島県 北河内
49%
「き」 愛媛県 北伊予
47%
「ひ」 東京都 東大和市
47%
「み」 愛媛県 南伊予
47%
「み」 東京都 三越前
44%
「で」 島根県 電鉄出雲市
42%
「み」 大阪府 南摂津
42%
「に」 島根県 西出雲
40%
「み」 宮崎県 南日向
37%
「け」 東京都 京成上野
35%
「お」 神奈川県 小田急相模原
33%
「け」 千葉県 京成大和田
33%
「み」 岡山県 宮本武蔵
33%
「い」 愛知県 今伊勢
30%
「お」 山口県 大河内
30%
「か」 鳥取県 上石見
30%
「み」 山口県 南河内
30%
「き」 京都府 京丹後大宮
28%
「ぐ」 岐阜県 郡上大和
28%
「じ」 大阪府 JR淡路
28%
「じ」 大阪府 JR河内永和
28%
「き」 大阪府 北加賀屋
26%
「と」 三重県 豊津上野
26%
「し」 東京都 新三河島
23%
「し」 群馬県 新伊勢崎
21%
「と」 栃木県 東武和泉
21%
「は」 山口県 浜河内
21%
「き」 京都府 近鉄丹波橋
19%
「や」 徳島県 山河内
19%
「す」 大分県 杉河内
14%
「と」 栃木県 飛山城跡
14%
「ひ」 東京都 平山城址公園
14%
No matching quizzes found
Score Distribution
Percent of People with Each Score
Percentile by Number Answered
Your Score History
You have not taken this quiz